|
|
|
|
| LEADER |
00000naa2a2200000 4500 |
| 001 |
440995 |
| 005 |
20231101081339.0 |
| 035 |
|
|
|a (RuTPU)RU\TPU\prd\102482
|
| 035 |
|
|
|a RU\TPU\prd\8203
|
| 090 |
|
|
|a 440995
|
| 100 |
|
|
|a 20110314a2002 k y0rusy50 ca
|
| 101 |
0 |
|
|a rus
|
| 102 |
|
|
|a RU
|
| 200 |
1 |
|
|a Сверхпроводящий ток в тонкой плёнке полифталидилиденбифенилена
|f А. Н. Ионов, А. Н. Лачинов, Р. Ренч
|
| 320 |
|
|
|a Библиогр.: 15 назв.
|
| 461 |
|
1 |
|0 (RuTPU)RU\TPU\prd\486
|x 0320-0116
|t Письма в Журнал технической физики
|f Российская академия наук (РАН), Физико-технический институт им. А. Ф. Иоффе (ФТИ) ; Отделение общей физики и астрономии РАН
|d 1975-
|
| 463 |
|
1 |
|0 (RuTPU)RU\TPU\prd\102469
|t Т. 28, вып. 14
|v с. 69-76
|d 2002
|
| 610 |
1 |
|
|a свехпроводящий ток
|
| 610 |
1 |
|
|a плёнки
|
| 610 |
1 |
|
|a магнитное поле
|
| 700 |
|
1 |
|a Ионов
|b А. Н.
|
| 701 |
|
1 |
|a Лачинов
|b А. Н.
|
| 701 |
|
1 |
|a Ренч
|b Р.
|
| 801 |
|
1 |
|a RU
|b 63413507
|c 20021111
|g PSBO
|
| 801 |
|
2 |
|a RU
|b 63413507
|c 20110314
|g RCR
|
| 942 |
|
|
|c BK
|